|
|
|
|
| LEADER |
00000nam a2200000 a 4500 |
| 001 |
vtls010271128 |
| 003 |
SK-MaSNL |
| 005 |
20260301031654.0 |
| 008 |
240314s2009 pl 000 pdpol |
| 015 |
|
|
|a SNBZSA2012-00204
|
| 020 |
|
|
|a 9788374902748
|q (brož.)
|
| 035 |
|
|
|a E4BE519E-B515-4CEC-9413-67F907364719
|
| 035 |
|
|
|a urn:nbn:sk:snk-amjhkx
|
| 035 |
|
|
|a urn:nbn:sk:snk-am0012wi
|
| 040 |
|
|
|a SNK
|b slo
|c SNK
|e AACR2
|
| 041 |
0 |
|
|a pol
|
| 043 |
|
|
|a e-pl---
|
| 044 |
|
|
|a pl
|c PL
|
| 072 |
|
7 |
|a 821.162.1
|x Poľská literatúra
|2 konspekt
|
| 080 |
|
|
|a 821.162.1-1
|2 2001
|
| 100 |
1 |
|
|a Grzesiak, Katarzyna,
|d 1970-
|4 aut
|9 327561
|
| 245 |
1 |
0 |
|a Solidarność drapieżców
|c Katarzyna Grzesiak
|
| 260 |
|
|
|a Kraków
|b Towarzystwo Slowaków w Polsce
|c 2009
|
| 300 |
|
|
|a 64, [3] s.
|c 17 cm
|
| 655 |
|
7 |
|a poľská poézia
|2 SNKPH
|9 70590
|
| 710 |
2 |
|
|a Spolok Slovákov v Poľsku (Krakov, Poľsko)
|4 pbl
|9 151789
|
| 919 |
|
|
|a 978-83-7490-274-8
|
| 958 |
|
|
|a ZS
|
| 958 |
|
|
|a PL
|
| 958 |
|
|
|a LX
|
| 999 |
|
|
|c 577114
|d 579044
|
| 952 |
|
|
|a SNK
|b SNK
|y PREZ
|7 0
|p 17A0701603
|o snkSD 80099
|i snk2011/9661
|8 2
|g 2.82
|0 0
|1 0
|4 0
|d 2011-04-14
|l 0
|r 2025-11-27 00:00:00
|w 2026-02-23
|
| 952 |
|
|
|a SNK
|b SNK
|y VYP
|7 0
|p 17A0701604
|o snkSD 80099 D1
|i snk2011/9662
|8 2
|g 2.82
|0 0
|1 0
|4 0
|d 2011-04-14
|f 1
|l 0
|r 2017-06-30 00:00:00
|w 2026-02-23
|